[Event "GER-ch Net blitz sf"]
[Site "Playchess.com INT"]
[Date "2021.06.05"]
[Round "2"]
[White "Hausrath, Daniel"]
[Black "Kratsev, Alexander"]
[Result "0-1"]
[WhiteElo "2817"]
[BlackElo "1620"]
[PlyCount "86"]
[EventDate "2021.06.05"]
[EventType "swiss (blitz)"]
[EventRounds "13"]
[EventCountry "GER"]
[SourceTitle "EXT 2023"]
[Source "ChessBase"]
[SourceDate "2022.10.05"]
[SourceVersion "1"]
[SourceVersionDate "2022.10.05"]
[SourceQuality "1"]

1. Nf3 c5 2. g3 g6 3. Bg2 Bg7 4. 0-0 Nc6 5. d3 e6 6. e4 Nge7 7. Re1 d6 8. Nbd2 b6 9. a4 Bb7 10. Nc4 Qd7 11. Bf4 e5 12. Bd2 0-0 13. Qc1 Rfe8 14. Bh6 f6 15. h4 d5 16. exd5 Nxd5 17. h5 Rad8 18. hxg6 hxg6 19. Bxg7 Kxg7 20. a5 b5 21. a6 Ba8 22. Ncd2 Nd4 23. Ne4 Qc7 24. Nh4 Nb4 25. Nxf6 Kxf6 26. c3 Nxd3 27. Qh6 Qg7 28. Qe3 Nxe1 29. Bxa8 Ndc2 30. Qxc5 Rxa8 31. Qc6+ Kf7 32. Qd5+ Kf8 33. Rd1 Rad8 34. Qc5+ Kg8 35. Rxd8 Rxd8 36. Qxb5 Qd7 37. Qxe5 Qd6 38. Qe4 Kg7 39. Qb7+ Rd7 40. Qc8 Rf7 41. Qg4 Qf6 42. f4 Qb6+ 43. Kf1 Ne3+ 0-1

[Event "GER-ch Net blitz sf"]
[Site "Playchess.com INT"]
[Date "2021.06.05"]
[Round "3"]
[White "Kratsev, Alexander"]
[Black "Kopylov, Michael"]
[Result "0-1"]
[WhiteElo "1620"]
[BlackElo "2282"]
[PlyCount "80"]
[EventDate "2021.06.05"]
[EventType "swiss (blitz)"]
[EventRounds "13"]
[EventCountry "GER"]
[SourceTitle "EXT 2023"]
[Source "ChessBase"]
[SourceDate "2022.10.05"]
[SourceVersion "1"]
[SourceVersionDate "2022.10.05"]
[SourceQuality "1"]

1. e4 Nf6 2. Nc3 d5 3. e5 Nfd7 4. d4 c5 5. dxc5 e6 6. Nf3 Nc6 7. Bf4 Bxc5 8. Bd3 a6 9. 0-0 h6 10. Re1 Qb6 11. Bg3 Qxb2 12. Na4 Qb4 13. Nxc5 Nxc5 14. Bf1 0-0 15. Rb1 Qa5 16. Nd2 b6 17. c4 Rd8 18. Nb3 Nxb3 19. Qxb3 Rb8 20. cxd5 Rxd5 21. Bc4 Rd8 22. h3 b5 23. Bd3 Nd4 24. Qd1 Bb7 25. Qg4 Qc3 26. Be4 Bxe4 27. Rxe4 Nf5 28. Bf4 Qd3 29. Rbe1 Rbc8 30. Qh5 Rc2 31. g4 Ne7 32. Qh4 Ng6 33. Qg3 Qxg3+ 34. Bxg3 Rxa2 35. Rc1 Ne7 36. Rc7 Nd5 37. Ra7 b4 38. Rd4 Rb8 39. Bf4 b3 40. Bc1 Ra1 0-1

[Event "GER-ch Net blitz sf"]
[Site "Playchess.com INT"]
[Date "2021.06.05"]
[Round "11"]
[White "Kratsev, Alexander"]
[Black "Svane, Frederik"]
[Result "1-0"]
[WhiteElo "1620"]
[BlackElo "2298"]
[PlyCount "143"]
[EventDate "2021.06.05"]
[EventType "swiss (blitz)"]
[EventRounds "13"]
[EventCountry "GER"]
[SourceTitle "EXT 2023"]
[Source "ChessBase"]
[SourceDate "2022.10.05"]
[SourceVersion "1"]
[SourceVersionDate "2022.10.05"]
[SourceQuality "1"]

1. e4 c5 2. Nf3 e6 3. Nc3 a6 4. g3 b5 5. d4 cxd4 6. Nxd4 Bb7 7. Bg2 Nf6 8. 0-0 b4 9. Na4 Bxe4 10. Bxe4 Nxe4 11. Re1 d5 12. c4 bxc3 13. Nxc3 Nxc3 14. bxc3 Be7 15. Rxe6 fxe6 16. Nxe6 Qd6 17. Nxg7+ Kf7 18. Nf5 Qe6 19. Qh5+ Qg6 20. Qf3 Nc6 21. Qxd5+ Ke8 22. Nxe7 Kxe7 23. Ba3+ Kf6 24. Qxc6+ Kg7 25. Qd7+ Qf7 26. Qg4+ Qg6 27. Qd4+ Qf6 28. Bc5 Rhd8 29. Qg4+ Qg6 30. Qc4 Qf7 31. Qg4+ Qg6 32. Qc4 Qf7 33. Bd4+ Kg8 34. Qe2 Re8 35. Be3 Re6 36. Rd1 Rae8 37. c4 Re5 38. c5 h5 39. Qxa6 R8e6 40. Qd3 Qf5 41. Qd8+ Kg7 42. Bd4 Kg6 43. Qg8+ Kh6 44. Bxe5 Qxe5 45. Qf8+ Kg6 46. Qg8+ Kh6 47. Qf8+ Kg6 48. h4 Qe4 49. Qg8+ Kf6 50. Qg5+ Kf7 51. Qxh5+ Ke7 52. Qd5 Qe2 53. Qd8+ Kf7 54. Rd7+ Kg6 55. Qg8+ Kf5 56. Rf7+ Ke4 57. Rf4+ Kd3 58. Qg4 Qe1+ 59. Kh2 Re5 60. Qf3+ Kc2 61. Rc4+ Kb2 62. Qb3+ Ka1 63. Qc3+ Qxc3 64. Rxc3 Re2 65. Kg2 Kb2 66. Rc4 Kxa2 67. c6 Kb3 68. c7 Kxc4 69. c8Q+ Kb3 70. Qb7+ Kc2 71. Qc6+ Kb3 72. Qb5+ 1-0